00740nam a2200181 a 4500003000200000005001700002008004100019050002900060100002000089245014500109260009200254300004000346504004100386650003700427650003500464650003400499650002500533020250515134410.0090729s19uu xx 00 eng d aPGS GV 706.4b.W819 2001 ade Wit, Kilani. aAwareness of the grade school varsity students of Southville International School on how stress affects sports performance /cKilani de Wit. aLas Piñas City, Philippines : bSouthville International School and Colleges,c2001. a29 pages :billustrations ;c28 cm. aIncludes bibliographical references. aStress (Psychology) in children. aSportsvPsychological aspects. aStudent athletesvPsychology. aPerformance anxiety.